| 000 | 00991nam a2200289 a 4500 | ||
|---|---|---|---|
| 001 | 000024824 | ||
| 005 | 20260120095446.0 | ||
| 008 | 110203s2000 sp a r 000 | spa d | ||
| 020 | _a8433014889 | ||
| 040 |
_aDO-SdBNP _bspa _cBNPHU |
||
| 082 |
_a158.1 _bN753p |
||
| 100 | 1 |
_aNoblejas de la Flor, Ma Ángeles _950941 |
|
| 245 | 1 | 0 |
_aPalabras para una vida con sentido / _cMa Ángeles Noblejas de la Flor. |
| 260 |
_aBilbao, (España) : _bEditorial Desclée de Brouwer , _c2000. |
||
| 300 |
_a146 p. : _bil. ; _c21 cm. |
||
| 490 | 1 |
_aSerendipity ; _v48. |
|
| 490 | 1 | _aCrecimiento personal | |
| 500 | _aIncluye referencias bbliográficas : p. 143-146 | ||
| 650 | 0 |
_aPsicología aplicada _91579 |
|
| 650 | 0 |
_aVida espiritual _9268 |
|
| 650 | 0 |
_aAutorrealización (Psicología) _9211 |
|
| 650 | 0 |
_aÉxito _9394 |
|
| 650 | 4 |
_aAutoayuda y superación _913110 |
|
| 650 | 0 |
_aRelaciones interpersonales _922282 |
|
| 830 | 0 |
_aSerendipity, _pCrecimiento personal, _v48. _950942 |
|
| 049 | _aBNGR | ||
| 999 |
_c24317 _d24317 |
||